Ripios vulgares / (Registro nro. 166861)
[ vista simple ]
| 000 -LEADER | |
|---|---|
| campo de control de longitud fija | 00874nam a2200217 i 4500 |
| 001 - NÚMERO DE CONTROL | |
| campo de control | 166861 |
| 003 - IDENTIFICADOR DE NÚMERO DE CONTROL | |
| campo de control | ES-MaACL |
| 005 - FECHA Y HORA DE LA ÚLTIMA TRANSACCIÓN | |
| campo de control | 20251011063151.0 |
| 008 - DATOS DE LONGITUD FIJA--INFORMACIÓN GENERAL | |
| campo de control de longitud fija | 960320s1895 sp |||| | spa d |
| 040 ## - FUENTE DE CATALOGACIÓN | |
| Centro catalogador/agencia de origen | AS |
| Lengua de catalogación | spa |
| Centro/agencia transcriptor | CCPB | SIC |
| 100 1# - ENTRADA PRINCIPAL--NOMBRE DE PERSONA | |
| Nombre de persona | Valbuena, Antonio de, |
| Fechas asociadas al nombre | 1844-1929 |
| 9 (RLIN) | 112452 |
| 245 10 - MENCIÓN DEL TÍTULO | |
| Título | Ripios vulgares / |
| Mención de responsabilidad, etc. | por Antonio de Valbuena (Venancio González). |
| 250 ## - MENCION DE EDICION | |
| Mención de edición | 3ª ed. aumentada. |
| 260 ## - PUBLICACIÓN, DISTRIBUCIÓN, ETC. | |
| Lugar de publicación, distribución, etc. | Madrid : |
| Nombre del editor, distribuidor, etc. | Librería de Victoriano Suárez, |
| Fecha de publicación, distribución, etc. | 1895 ( |
| Fabricante | Imp. del Suc. de J. Cruzado, a cargo de F. Marqués) |
| 300 ## - DESCRIPCIÓN FÍSICA | |
| Extensión | 287 p. ; |
| Dimensiones | 18 cm. |
| 530 ## - NOTA DISPONIBLE DE FORMULARIO FÍSICO ADICIONAL | |
| Nota de formato físico adicional disponible | Disponible en formato digital. |
| 650 #4 - PUNTO DE ACCESO ADICIONAL DE MATERIA--TÉRMINO DE MATERIA | |
| Término de materia o nombre geográfico como elemento de entrada | Escritores españoles- |
| Subdivisión cronológica | S.XIX- |
| Subdivisión de forma | Obras satíricas y humorísticas. |
| 9 (RLIN) | 166364 |
| 852 ## - LOCALIZACIÓN | |
| Ubicación | ES-MaACL |
| Número de control de estantería | F-10853 |
| Nota libre | -- Enc. hol. |
| 856 ## - LOCALIZACIÓN Y ACCESO ELECTRÓNICOS | |
| Identificador Uniforme de Recursos | <a href="http://bdh-rd.bne.es/viewer.vm?id=0000196636&page=1 ">http://bdh-rd.bne.es/viewer.vm?id=0000196636&page=1 </a> |
| Nota pública | Biblioteca Digital Hispánica |
| Estatus retirado | Estado de pérdida | Estado de daño | No para préstamo | Colección | Biblioteca de origen | Biblioteca actual | Ubicación en estantería | Fecha de adquisición | Fuente de adquisición | Total de préstamos | Signatura topográfica completa | Código de barras | Visto por última vez | Precio de reemplazo | Tipo de ítem Koha |
|---|---|---|---|---|---|---|---|---|---|---|---|---|---|---|---|
| Colección digital | Biblioteca del Ateneo de Madrid | Biblioteca del Ateneo de Madrid | Sala Pecera Planta 2 | 17/01/2008 | F-10853 | 1175027 | 23/02/2023 | 23/02/2023 | Libro impreso antiguo |
